BIBLIOTECA PODER JUDICIAL
Portal Judicial TDF

Abuso sexual : (Registro nro. 6083)

000 -LEADER
fixed length control field 01215nab a22002297a 4500
003 - CONTROL NUMBER IDENTIFIER
control field OSt
005 - DATE AND TIME OF LATEST TRANSACTION
control field 20260121191319.0
008 - FIXED-LENGTH DATA ELEMENTS--GENERAL INFORMATION
fixed length control field 190502c xxu||||| |||| 00| 0 spa d
040 ## - CATALOGING SOURCE
Transcribing agency PJ
100 ## - MAIN ENTRY--PERSONAL NAME
9 (RLIN) 6859
Personal name Fabirs Erreca, Valentina
245 10 - TITLE STATEMENT
Title Abuso sexual :
Remainder of title tipo básico y agravantes /
Statement of responsibility, etc Valentina Fabirs Erreca.
260 ## - PUBLICATION, DISTRIBUTION, ETC. (IMPRINT)
Place of publication, distribution, etc Ciudad Autónoma de Buenos Aires :
Name of publisher, distributor, etc Thomson Reuters La Ley,
Date of publication, distribution, etc 2024.
300 ## - PHYSICAL DESCRIPTION
Extent p. 3-16
500 ## - GENERAL NOTE
General note Valoración de la prueba en casos de abuso sexual infantil (ASI).
505 ## - FORMATTED CONTENTS NOTE
Formatted contents note Sumario: I. Abuso sexual simple (art. 119, primer párrafo, Cód. Penal).— II. Abuso sexual gravemente ultrajante (art. 119, segundo párrafo, Cód. Penal).— III. Abuso sexual con acceso carnal (art. 119, tercer párrafo, Cód. Penal).— IV. Valoración probatoria en casos de abuso sexual infantil (ASI).<br/><br/>
505 ## - FORMATTED CONTENTS NOTE
Title ¿Te interesa el texto completo? Solicitalo al correo: koha@justierradelfuego.gov.ar
650 #0 - SUBJECT ADDED ENTRY--TOPICAL TERM
9 (RLIN) 343
Topical term or geographic name as entry element DERECHO PENAL
650 #0 - SUBJECT ADDED ENTRY--TOPICAL TERM
9 (RLIN) 2902
Topical term or geographic name as entry element DELITOS CONTRA LA INTEGRIDAD SEXUAL
650 #0 - SUBJECT ADDED ENTRY--TOPICAL TERM
9 (RLIN) 2903
Topical term or geographic name as entry element ABUSO SEXUAL
773 0# - HOST ITEM ENTRY
Host Biblionumber 2729
Host Itemnumber 3180
Place, publisher, and date of publication Buenos Aires : LexisNexis, 2006-
Title Revista de derecho penal y procesal penal. Nº 7 - Julio 2024
International Standard Book Number 9875920622
942 ## - ADDED ENTRY ELEMENTS (KOHA)
Source of classification or shelving scheme
Koha item type Analítica Artículo de Revista

No hay ítems disponibles.

12 de Octubre 789 Ushuaia - Tel:  54(02901)441571
Horario de Atención: 8.00 a 17.00 hs. 
bibliotecaush@justierradelfuego.gov.ar
koha@justierradelfuego.gov.ar
Seguinos en nuestras redes @bibliojustdf 

Con tecnología Koha